|
|
|
|
| LEADER |
00000nam0a2200000 4500 |
| 001 |
265468 |
| 005 |
20231101233926.0 |
| 035 |
|
|
|a (RuTPU)RU\TPU\book\288469
|
| 090 |
|
|
|a 265468
|
| 100 |
|
|
|a 20140626d1986 m y0rusy50 ca
|
| 101 |
0 |
|
|a rus
|
| 102 |
|
|
|a UZ
|
| 105 |
|
|
|a a z 001zy
|
| 200 |
1 |
|
|a Радиационные эффекты в сегнетоэлектриках
|f Е. В. Пешиков
|g Академия наук Узбекской ССР (АН УзССР), Институт ядерной физики (ИЯФ)
|
| 205 |
|
|
|a 2-е изд.
|
| 210 |
|
|
|a Ташкент
|c Фан
|d 1986
|
| 215 |
|
|
|a 140 с.
|c ил.
|
| 320 |
|
|
|a Библиогр.: с. 128-138.
|
| 606 |
1 |
|
|a Сегнетоэлектрики
|2 stltpush
|3 (RuTPU)RU\TPU\subj\54329
|9 72486
|
| 610 |
1 |
|
|a сегнетоэлектрические явления
|
| 610 |
1 |
|
|a радиационные эффекты
|
| 610 |
1 |
|
|a сегнетоэлектрические материалы
|
| 610 |
1 |
|
|a радиационная стойкость
|
| 675 |
|
|
|a 537.226.4
|v 3
|
| 700 |
|
1 |
|a Пешиков
|b Е. В.
|g Евгений Всеволодович
|
| 712 |
0 |
2 |
|a Академия наук Узбекской ССР (АН УзССР)
|b Институт ядерной физики (ИЯФ)
|2 stltpush
|3 (RuTPU)RU\TPU\col\11486
|
| 801 |
|
1 |
|a RU
|b 63413507
|c 20140626
|
| 801 |
|
2 |
|a RU
|b 63413507
|c 20150618
|g RCR
|
| 942 |
|
|
|c BK
|